000 00814nam a2200253Ia 4500
003 OSt
005 20220923220709.0
006 a|||||r|||| 00| 0
007 ta
008 220922b |||||||| |||| 00| 0 hin d
024 _a189,281
037 _cTextual
040 _aARTS
_cARTS
_bhin
041 _2hin
_ahin
082 _aO152,2N17,DA, L4
100 _aमाथुर, जगदीश चन्द्र
245 0 _aदशरथ नन्दन
246 _aDasharath nandana
260 _aदिल्ली
_b नेशनल पब्लि0 हा0
_c1974
300 _a134पृ.
_ccm.
650 _aहिन्दी साहित्य
_9156264
942 _hO152,2N17,DA, L4
_cTEXL
_2CC
999 _c342134
_d342134